| 000 | 00643cam a22002293a 4500 | ||
|---|---|---|---|
| 001 | 6577 | ||
| 003 | PGUSA | ||
| 005 | 20140828083134.0 | ||
| 008 | 040901s2004||||xxu|||||s|||||000 | eng d | ||
| 040 |
_aPGUSA _beng |
||
| 042 | _adc | ||
| 050 | 4 | _aPZ | |
| 245 | 1 | 4 |
_aThe Junior Classics — Volume 6 : _bOld-Fashioned Tales _h[electronic resource] |
| 260 |
_bProject Gutenberg, _c2004 |
||
| 506 | _aPublic domain in the USA. | ||
| 516 | _aElectronic text | ||
| 653 | _aChildren's literature | ||
| 700 | 1 |
_aPatten, William, _d1868-1936 |
|
| 830 | 0 |
_aProject Gutenberg _v6577 |
|
| 856 | 4 | 0 | _uhttp://www.gutenberg.org/ebooks/6577 |
| 942 | _cEB | ||
| 999 |
_c235897 _d235897 |
||